[Event "AsianNationCup2018"]
[Site "Hamedan"]
[Date "2018.08.02"]
[Round "6.13"]
[White "Jumabayev, Rinat"]
[Black "Alhammada, Imad."]
[Result "1-0"]
[BlackElo "2088"]
[WhiteElo "2594"]
[LiveChessVersion "1.4.8"]

1. Nf3 {[%clk 1:30:57]} d5 {[%clk 1:29:59]} 2. g3 {[%clk 1:31:21]} Nf6
{[%clk 1:29:39]} 3. Bg2 {[%clk 1:31:46]} c6 {[%clk 1:28:56]} 4. c4
{[%clk 1:32:00]} e6 {[%clk 1:28:27]} 5. d4 {[%clk 1:31:46]} Be7 {[%clk 1:22:25]}
6. O-O {[%clk 1:32:10]} O-O {[%clk 1:22:05]} 7. Nbd2 {[%clk 1:32:37]} Nbd7
{[%clk 1:20:40]} 8. Qc2 {[%clk 1:32:58]} Re8 {[%clk 1:16:31]} 9. Rd1
{[%clk 1:33:23]} Qc7 {[%clk 1:13:56]} 10. e4 {[%clk 1:32:55]} dxe4
{[%clk 1:13:34]} 11. Nxe4 {[%clk 1:33:21]} Nxe4 {[%clk 1:13:17]} 12. Qxe4
{[%clk 1:33:45]} h6 {[%clk 1:11:22]} 13. Bf4 {[%clk 1:30:34]} Bd6
{[%clk 1:10:33]} 14. Bxd6 {[%clk 1:30:04]} Qxd6 {[%clk 1:10:42]} 15. c5
{[%clk 1:30:32]} Qe7 {[%clk 1:09:36]} 16. Re1 {[%clk 1:30:25]} Nf6
{[%clk 0:57:28]} 17. Qc2 {[%clk 1:30:42]} Qc7 {[%clk 0:54:26]} 18. Ne5
{[%clk 1:30:56]} Bd7 {[%clk 0:53:05]} 19. h4 {[%clk 1:29:49]} Red8
{[%clk 0:51:07]} 20. Rad1 {[%clk 1:29:41]} Be8 {[%clk 0:51:02]} 21. a3
{[%clk 1:28:52]} Qe7 {[%clk 0:49:46]} 22. Qc1 {[%clk 1:28:48]} Rac8
{[%clk 0:46:26]} 23. Nc4 {[%clk 1:28:06]} Rb8 {[%clk 0:42:55]} 24. Bf3
{[%clk 1:21:41]} a6 {[%clk 0:35:43]} 25. Rd3 {[%clk 1:19:35]} Nd5
{[%clk 0:28:07]} 26. Qd2 {[%clk 1:18:59]} Qc7 {[%clk 0:25:28]} 27. Rc1
{[%clk 1:13:53]} Qe7 {[%clk 0:23:11]} 28. Qe2 {[%clk 1:14:13]} Nf6
{[%clk 0:22:04]} 29. Rd2 {[%clk 1:14:21]} Qc7 {[%clk 0:22:07]} 30. Qe3
{[%clk 1:13:22]} Nd5 {[%clk 0:21:40]} 31. Qe5 {[%clk 1:13:44]} Qe7
{[%clk 0:19:03]} 32. Re1 Qf6 {[%clk 0:13:54]} 33. Be4 {[%clk 1:12:57]} Qe7
{[%clk 0:12:37]} 34. Bb1 {[%clk 1:09:34]} Nf6 {[%clk 0:12:31]} 35. Qf4
{[%clk 1:09:39]} Nh5 {[%clk 0:09:41]} 36. Qf3 {[%clk 1:09:23]} Nf6
{[%clk 0:09:55]} 37. Ne5 {[%clk 1:08:21]} h5 {[%clk 0:06:31]} 38. Ba2
{[%clk 1:08:06]} Bd7 {[%clk 0:03:56]} 39. Ree2 {[%clk 1:06:39]} Re8
{[%clk 0:02:56]} 40. Rd3 {[%clk 1:06:09]} Rbd8 {[%clk 0:02:52]} 41. Qf4
{[%clk 1:06:05]} Bc8 {[%clk 0:00:58]} 42. Rf3 {[%clk 1:05:42]} Rf8
{[%clk 0:24:56]} 43. Rd2 {[%clk 1:35:41]} Nd5 {[%clk 0:23:31]} 44. Qe4
{[%clk 1:35:58]} f5 {[%clk 0:21:23]} 45. Qe2 {[%clk 1:36:15]} Qf6
{[%clk 0:21:14]} 46. Rfd3 {[%clk 1:34:01]} Qh6 {[%clk 0:20:48]} 47. f4
{[%clk 1:23:58]} Nf6 {[%clk 0:19:55]} 48. Rd1 {[%clk 1:23:30]} Ne4
{[%clk 0:18:16]} 49. Re3 {[%clk 1:23:20]} Nf6 {[%clk 0:16:03]} 50. Nf3
{[%clk 1:23:27]} Ne4 {[%clk 0:15:53]} 51. Ng5 {[%clk 1:23:16]} Qf6
{[%clk 0:13:48]} 52. Qxh5 {[%clk 1:19:28]} Nxg5 {[%clk 0:13:59]} 53. hxg5
{[%clk 1:19:55]} g6 {[%clk 0:13:49]} 54. Qh6 {[%clk 1:19:55]} Qf7
{[%clk 0:11:57]} 55. Re2 {[%clk 1:18:47]} Rfe8 {[%clk 0:11:21]} 56. Rh2
{[%clk 1:19:06]} Qg7 {[%clk 0:11:19]} 57. Kf2 {[%clk 1:18:43]} Kf7
{[%clk 0:10:48]} 58. Ke3 {[%clk 1:18:30]} Rh8 {[%clk 0:10:40]} 59. Qxg7+
{[%clk 1:18:53]} Kxg7 {[%clk 0:10:51]} 60. Rh4 {[%clk 1:19:18]} Rxh4
{[%clk 0:10:38]} 61. gxh4 {[%clk 1:19:47]} Rh8 {[%clk 0:10:42]} 62. Rh1
{[%clk 1:20:10]} Kf7 {[%clk 0:10:46]} 63. Bc4 {[%clk 1:20:34]} Kg7
{[%clk 0:10:03]} 64. Be2 {[%clk 1:20:55]} Bd7 {[%clk 0:09:45]} 65. h5
{[%clk 1:19:28]} gxh5 {[%clk 0:08:55]} 66. Rxh5 {[%clk 1:19:47]} Rb8
{[%clk 0:09:22]} 67. Kd2 {[%clk 1:20:00]} b6 {[%clk 0:09:51]} 68. cxb6
{[%clk 1:20:08]} Rxb6 {[%clk 0:10:19]} 69. Kc3 {[%clk 1:20:28]} a5
{[%clk 0:10:20]} 70. b3 {[%clk 1:20:22]} Be8 {[%clk 0:10:35]} 71. Rh6
{[%clk 1:20:45]} Bf7 {[%clk 0:10:46]} 72. Bc4 {[%clk 1:21:09]} Bg6
{[%clk 0:10:52]} 73. Bxe6 {[%clk 1:21:14]} a4 {[%clk 0:11:18]} 74. b4
{[%clk 1:20:30]} c5 {[%clk 0:11:44]} 75. Bxf5 {[%clk 1:20:48]} cxb4+
{[%clk 0:11:29]} 76. axb4 {[%clk 1:20:18]} Rc6+ {[%clk 0:11:33]} 77. Kb2
{[%clk 1:20:45]} 1-0

[Event "AsianNationCup2018"]
[Site "Hamedan"]
[Date "2018.08.02"]
[Round "6.14"]
[White "Gnaam, Koteba."]
[Black "Ismagambetov, Anuar"]
[Result "0-1"]
[BlackElo "2529"]
[WhiteElo "2075"]
[LiveChessVersion "1.4.8"]

1. e4 {[%clk 1:30:52]} c5 {[%clk 1:30:55]} 2. Nf3 {[%clk 1:30:26]} Nc6
{[%clk 1:31:19]} 3. d4 {[%clk 1:30:46]} cxd4 {[%clk 1:31:44]} 4. Nxd4
{[%clk 1:31:10]} e6 {[%clk 1:31:19]} 5. Nc3 {[%clk 1:30:16]} Qc7 {[%clk 1:31:37]}
6. Be2 {[%clk 1:29:26]} Nf6 {[%clk 1:31:01]} 7. Be3 {[%clk 1:28:11]} Be7
{[%clk 1:28:04]} 8. O-O {[%clk 1:27:35]} O-O {[%clk 1:28:15]} 9. Qd2
{[%clk 1:25:09]} a6 {[%clk 1:28:17]} 10. a4 {[%clk 1:23:30]} d6 {[%clk 1:27:24]}
11. Nb3 {[%clk 1:20:56]} Bd7 {[%clk 1:22:06]} 12. f4 {[%clk 1:19:38]} Rac8
{[%clk 1:21:23]} 13. Bf3 {[%clk 1:19:24]} Rfe8 {[%clk 1:19:36]} 14. Kh1
{[%clk 1:19:24]} Nb4 {[%clk 1:16:36]} 15. a5 {[%clk 1:13:39]} Bc6
{[%clk 1:07:49]} 16. Nd4 {[%clk 1:08:22]} Bd7 {[%clk 1:05:54]} 17. Nb3
{[%clk 1:06:34]} Bf8 {[%clk 0:57:01]} 18. Rad1 {[%clk 0:50:54]} Bc6
{[%clk 0:53:52]} 19. Bb6 {[%clk 0:50:10]} Qb8 {[%clk 0:54:07]} 20. Nd4
{[%clk 0:50:13]} Bd7 {[%clk 0:53:36]} 21. e5 {[%clk 0:34:06]} Nfd5
{[%clk 0:48:56]} 22. Nxd5 {[%clk 0:29:29]} Nxd5 {[%clk 0:49:18]} 23. Bxd5
{[%clk 0:29:05]} exd5 {[%clk 0:49:43]} 24. Nf3 {[%clk 0:19:01]} dxe5
{[%clk 0:45:22]} 25. fxe5 {[%clk 0:17:23]} Be6 {[%clk 0:45:16]} 26. Bd4
{[%clk 0:13:01]} h6 {[%clk 0:45:07]} 27. b4 {[%clk 0:12:23]} Qc7 {[%clk 0:44:11]}
28. c3 {[%clk 0:12:25]} Qd7 {[%clk 0:44:29]} 29. Qf4 {[%clk 0:11:19]} Bf5
{[%clk 0:43:58]} 30. Ne1 {[%clk 0:06:33]} Be4 {[%clk 0:41:28]} 31. Nd3
{[%clk 0:05:54]} Rc6 {[%clk 0:40:29]} 32. Nf2 {[%clk 0:03:47]} Bh7
{[%clk 0:40:23]} 33. Ng4 {[%clk 0:03:27]} Rg6 {[%clk 0:38:45]} 34. Ne3
{[%clk 0:02:39]} Rg5 {[%clk 0:37:12]} 35. Rf2 {[%clk 0:02:33]} Qe6
{[%clk 0:37:24]} 36. Rdf1 {[%clk 0:02:26]} Bd3 {[%clk 0:35:48]} 37. Rd1
{[%clk 0:02:03]} Bg6 {[%clk 0:36:12]} 38. Rdf1 {[%clk 0:01:38]} Be7
{[%clk 0:34:50]} 39. Kg1 {[%clk 0:00:59]} Bd8 {[%clk 0:33:47]} 40. Qf3
{[%clk 0:01:11]} Bd3 {[%clk 0:33:58]} 41. Rd1 {[%clk 0:00:33]} Be4
{[%clk 0:34:20]} 42. Qe2 {[%clk 0:28:51]} Bc7 {[%clk 1:01:13]} 43. Qd2
{[%clk 0:20:05]} Bxe5 {[%clk 0:59:33]} 44. Bxe5 {[%clk 0:19:21]} Qxe5
{[%clk 0:59:03]} 45. Nf1 {[%clk 0:17:49]} Rc8 {[%clk 0:58:19]} 46. Rc1
{[%clk 0:17:40]} Rg6 {[%clk 0:55:23]} 47. Ng3 {[%clk 0:17:09]} Rgc6
{[%clk 0:55:43]} 48. Ne2 {[%clk 0:08:29]} Qg5 {[%clk 0:53:59]} 49. Qxg5
{[%clk 0:06:55]} hxg5 {[%clk 0:54:25]} 50. Rd1 {[%clk 0:06:38]} f6
{[%clk 0:54:18]} 51. Rd2 {[%clk 0:06:19]} Kh7 {[%clk 0:53:52]} 52. Rf1
{[%clk 0:06:20]} Kg6 {[%clk 0:54:09]} 53. Re1 {[%clk 0:05:58]} f5
{[%clk 0:53:19]} 54. Rb2 {[%clk 0:04:34]} Rf6 {[%clk 0:51:22]} 55. Rc1
{[%clk 0:04:18]} Rfc6 {[%clk 0:50:57]} 56. Re1 {[%clk 0:03:01]} Kh7
{[%clk 0:48:11]} 57. Rd2 {[%clk 0:02:52]} R6c7 {[%clk 0:47:16]} 58. Kf2
{[%clk 0:02:24]} Kh6 {[%clk 0:47:15]} 59. Rh1 {[%clk 0:02:02]} g6
{[%clk 0:47:21]} 60. Re1 {[%clk 0:02:19]} g4 {[%clk 0:47:40]} 61. Red1
{[%clk 0:01:12]} Kg5 {[%clk 0:45:40]} 62. Kg1 {[%clk 0:00:41]} Rh7
{[%clk 0:42:29]} 63. g3 {[%clk 0:00:34]} Bf3 {[%clk 0:42:45]} 64. Re1
{[%clk 0:00:37]} Re7 {[%clk 0:43:00]} 65. h4+ gxh3 {[%clk 0:42:55]} 66. Kf2
{[%clk 0:00:57]} Rxe2+ {[%clk 0:43:18]} 67. Rdxe2 {[%clk 0:01:01]} Bxe2
{[%clk 0:43:41]} 68. Rxe2 {[%clk 0:01:12]} Rxc3 {[%clk 0:44:05]} 69. Rd2
{[%clk 0:01:09]} Rc1 {[%clk 0:44:27]} 0-1

[Event "AsianNationCup2018"]
[Site "Hamedan"]
[Date "2018.08.02"]
[Round "6.15"]
[White "Kazhgaleyev, Murtas"]
[Black "Chekh Adm Khedr, Aram."]
[Result "1-0"]
[BlackElo "2178"]
[WhiteElo "2575"]
[LiveChessVersion "1.4.8"]

1. d4 {[%clk 1:30:55]} d5 {[%clk 1:30:55]} 2. Bf4 {[%clk 1:31:19]} Nf6
{[%clk 1:30:54]} 3. e3 {[%clk 1:31:40]} c6 {[%clk 1:30:38]} 4. c4
{[%clk 1:31:08]} e6 {[%clk 1:30:24]} 5. Nc3 {[%clk 1:31:02]} Bd6 {[%clk 1:29:12]}
6. Bg3 {[%clk 1:28:26]} Qe7 {[%clk 1:23:15]} 7. Nf3 {[%clk 1:27:26]} Nbd7
{[%clk 1:17:52]} 8. Be2 {[%clk 1:22:18]} dxc4 {[%clk 1:08:57]} 9. Bxc4
{[%clk 1:22:31]} Bxg3 {[%clk 1:06:32]} 10. hxg3 {[%clk 1:22:42]} e5
{[%clk 1:01:20]} 11. Qc2 {[%clk 1:14:52]} exd4 {[%clk 0:59:17]} 12. Nxd4
{[%clk 1:14:34]} Ne5 {[%clk 0:58:49]} 13. Be2 {[%clk 1:12:42]} Bd7
{[%clk 0:49:20]} 14. e4 {[%clk 1:06:00]} O-O-O {[%clk 0:32:24]} 15. O-O-O
{[%clk 1:03:16]} Kb8 {[%clk 0:32:04]} 16. Kb1 {[%clk 1:00:01]} Nfg4
{[%clk 0:29:14]} 17. Bxg4 {[%clk 0:55:05]} Nxg4 {[%clk 0:28:41]} 18. Rhe1
{[%clk 0:52:08]} Qf6 {[%clk 0:22:55]} 19. f4 {[%clk 0:42:49]} Bc8
{[%clk 0:21:41]} 20. e5 {[%clk 0:39:52]} Qg6 {[%clk 0:22:09]} 21. f5
{[%clk 0:34:07]} Qh5 {[%clk 0:21:14]} 22. e6 {[%clk 0:25:13]} fxe6
{[%clk 0:21:43]} 23. fxe6 {[%clk 0:24:44]} Rhe8 {[%clk 0:19:15]} 24. Ka1
{[%clk 0:15:45]} Qc5 {[%clk 0:16:19]} 25. Qe4 {[%clk 0:11:18]} h5
{[%clk 0:15:53]} 26. e7 {[%clk 0:09:24]} Rd7 {[%clk 0:15:33]} 27. Qf4+
{[%clk 0:08:04]} Ka8 {[%clk 0:10:52]} 28. Ne6 {[%clk 0:08:04]} Qxe7
{[%clk 0:10:52]} 29. Rxd7 {[%clk 0:08:04]} Qxd7 {[%clk 0:10:52]} 30. Nc7+
{[%clk 0:08:04]} Qxc7 {[%clk 0:10:52]} 31. Rxe8 {[%clk 0:06:26]} Qxf4
{[%clk 0:08:46]} 32. gxf4 {[%clk 0:06:46]} 1-0

[Event "AsianNationCup2018"]
[Site "Hamedan"]
[Date "2018.08.02"]
[Round "6.16"]
[White "Koniahli, Malek."]
[Black "Makhnev, Denis"]
[Result "0-1"]
[BlackElo "2437"]
[WhiteElo "2320"]
[LiveChessVersion "1.4.8"]

1. e4 {[%clk 1:30:57]} e5 {[%clk 1:30:52]} 2. Nf3 {[%clk 1:31:21]} Nc6
{[%clk 1:31:15]} 3. Bc4 {[%clk 1:31:46]} Bc5 {[%clk 1:31:39]} 4. O-O
{[%clk 1:32:10]} Nf6 {[%clk 1:32:03]} 5. d3 {[%clk 1:32:34]} a6 {[%clk 1:31:01]}
6. c3 {[%clk 1:30:29]} Ba7 {[%clk 1:31:21]} 7. Re1 {[%clk 1:29:34]} d6
{[%clk 1:31:26]} 8. Nbd2 {[%clk 1:29:48]} Na5 {[%clk 1:24:41]} 9. b4
{[%clk 1:27:54]} Nxc4 {[%clk 1:25:04]} 10. Nxc4 {[%clk 1:28:23]} h6
{[%clk 1:23:29]} 11. Be3 {[%clk 1:23:48]} Bxe3 {[%clk 1:20:01]} 12. Nxe3
{[%clk 1:23:58]} O-O {[%clk 1:20:25]} 13. Qc2 {[%clk 1:23:17]} Re8
{[%clk 1:19:20]} 14. Nd2 {[%clk 1:17:39]} Nh5 {[%clk 1:13:45]} 15. g3
{[%clk 1:12:54]} Nf6 {[%clk 1:10:11]} 16. Qd1 {[%clk 1:01:38]} a5
{[%clk 1:03:16]} 17. a3 {[%clk 0:49:07]} d5 {[%clk 1:01:47]} 18. exd5
{[%clk 0:41:42]} Nxd5 {[%clk 1:00:42]} 19. Nxd5 {[%clk 0:38:44]} Qxd5
{[%clk 1:01:05]} 20. Qf3 {[%clk 0:38:30]} Rd8 {[%clk 1:00:25]} 21. Qxd5
{[%clk 0:34:48]} Rxd5 {[%clk 0:59:54]} 22. Re3 {[%clk 0:29:21]} axb4
{[%clk 0:59:16]} 23. cxb4 {[%clk 0:29:49]} Bf5 {[%clk 0:58:31]} 24. Ne4
{[%clk 0:22:48]} f6 {[%clk 0:54:25]} 25. f4 {[%clk 0:14:32]} exf4
{[%clk 0:45:38]} 26. gxf4 {[%clk 0:14:57]} c6 {[%clk 0:45:42]} 27. Kf2
{[%clk 0:12:20]} Rd4 {[%clk 0:42:49]} 28. Kf3 {[%clk 0:08:54]} Kf7
{[%clk 0:34:31]} 29. Ke2 {[%clk 0:03:52]} Re8 {[%clk 0:30:26]} 30. Nf2
{[%clk 0:01:15]} Rxf4 {[%clk 0:30:42]} 31. Rxe8 {[%clk 0:01:14]} Kxe8
{[%clk 0:31:11]} 32. Rg1 {[%clk 0:00:38]} g5 {[%clk 0:31:35]} 33. Rg3
{[%clk 0:00:37]} Kd7 {[%clk 0:31:40]} 34. Ke3 {[%clk 0:00:36]} Rh4
{[%clk 0:28:20]} 35. Rf3 {[%clk 0:00:39]} Ke6 {[%clk 0:28:00]} 36. h3
{[%clk 0:00:39]} Bg6 {[%clk 0:26:41]} 37. Ne4 {[%clk 0:00:33]} Bxe4
{[%clk 0:22:57]} 38. dxe4 {[%clk 0:01:02]} b5 {[%clk 0:23:22]} 39. Kd3
{[%clk 0:00:32]} Rf4 {[%clk 0:23:45]} 40. Re3 {[%clk 0:00:31]} Ke5
{[%clk 0:24:09]} 41. Kd2 {[%clk 0:29:32]} Rxe4 {[%clk 0:54:21]} 42. Rc3
{[%clk 0:30:01]} Kd5 {[%clk 0:54:35]} 43. Rf3 {[%clk 0:30:14]} Rf4
{[%clk 0:54:56]} 44. Re3 {[%clk 0:30:29]} h5 {[%clk 0:55:19]} 0-1

[Event "AsianNationCup2018"]
[Site "Hamedan"]
[Date "2018.08.03"]
[Round "7.1"]
[White "Mohammed, Zozek Salah Mohammed"]
[Black "Maghsoodloo, Parham"]
[Result "0-1"]
[BlackElo "2636"]
[WhiteElo "2261"]
[LiveChessVersion "1.4.8"]

1. d4 {[%clk 1:26:52]} Nf6 {[%clk 1:30:51]} 2. c4 {[%clk 1:27:14]} e6
{[%clk 1:31:16]} 3. Nc3 {[%clk 1:27:34]} Bb4 {[%clk 1:31:41]} 4. e3
{[%clk 1:27:41]} O-O {[%clk 1:31:32]} 5. Nge2 {[%clk 1:28:06]} c6
{[%clk 1:30:13]} 6. a3 {[%clk 1:28:25]} Ba5 {[%clk 1:30:31]} 7. b4
{[%clk 1:28:53]} Bc7 {[%clk 1:30:55]} 8. e4 {[%clk 1:29:17]} d5 {[%clk 1:31:21]}
9. e5 {[%clk 1:29:42]} Ne8 {[%clk 1:31:48]} 10. Ng3 {[%clk 1:25:31]} f6
{[%clk 1:32:04]} 11. f4 {[%clk 1:25:29]} a5 {[%clk 1:31:01]} 12. Rb1
{[%clk 1:24:48]} axb4 {[%clk 1:31:03]} 13. axb4 {[%clk 1:25:16]} g5
{[%clk 1:25:14]} 14. Bd3 {[%clk 1:15:58]} gxf4 {[%clk 1:22:02]} 15. Bxf4
{[%clk 1:15:42]} fxe5 {[%clk 1:20:17]} 16. Bxh7+ {[%clk 0:40:57]} Kxh7
{[%clk 1:18:34]} 17. Qh5+ {[%clk 0:41:20]} Kg8 {[%clk 1:18:57]} 18. Qg6+
{[%clk 0:41:40]} Ng7 {[%clk 1:18:58]} 19. Nh5 {[%clk 0:42:01]} Qh4+
{[%clk 1:19:12]} 0-1

[Event "AsianNationCup2018"]
[Site "Hamedan"]
[Date "2018.08.03"]
[Round "7.3"]
[White "Taleb, Salem Hatam"]
[Black "Tabatabaei, M.Amin"]
[Result "0-1"]
[BlackElo "2590"]
[WhiteElo "2071"]
[LiveChessVersion "1.4.8"]

1. Nf3 {[%clk 1:27:54]} c5 {[%clk 1:27:43]} 2. c4 {[%clk 1:27:34]} Nc6
{[%clk 1:27:54]} 3. g3 {[%clk 1:27:27]} g6 {[%clk 1:28:13]} 4. Bg2
{[%clk 1:27:51]} Bg7 {[%clk 1:28:38]} 5. O-O {[%clk 1:28:12]} d6 {[%clk 1:28:55]}
6. Nc3 {[%clk 1:28:34]} Bf5 {[%clk 1:29:18]} 7. d3 {[%clk 1:24:17]} Qd7
{[%clk 1:29:29]} 8. Nd5 {[%clk 1:20:21]} Nf6 {[%clk 1:29:33]} 9. Nxf6+
{[%clk 1:13:27]} Bxf6 {[%clk 1:29:37]} 10. Rb1 {[%clk 1:09:37]} Bh3
{[%clk 1:29:20]} 11. Bh6 {[%clk 1:09:52]} Qg4 {[%clk 1:25:39]} 12. Qd2
{[%clk 1:06:13]} Rg8 {[%clk 1:24:50]} 13. Bg5 {[%clk 1:02:47]} Bxg2
{[%clk 1:21:36]} 14. Kxg2 {[%clk 1:03:03]} Bxg5 {[%clk 1:22:02]} 15. Qxg5
{[%clk 1:02:56]} Qxg5 {[%clk 1:19:01]} 16. Nxg5 {[%clk 1:03:14]} Rb8
{[%clk 1:19:19]} 17. a3 {[%clk 1:03:32]} b5 {[%clk 1:19:13]} 18. b3
{[%clk 1:03:21]} h6 {[%clk 1:15:48]} 19. Ne4 {[%clk 1:03:37]} Kd7
{[%clk 1:16:03]} 20. Nc3 {[%clk 1:01:39]} b4 {[%clk 1:15:36]} 21. axb4
{[%clk 1:00:50]} Rxb4 {[%clk 1:15:55]} 22. Ne4 {[%clk 0:59:56]} Rgb8
{[%clk 1:12:11]} 23. Nd2 {[%clk 0:56:59]} Nd4 {[%clk 1:12:21]} 24. Ra1
{[%clk 0:56:25]} R8b7 {[%clk 1:12:42]} 25. Ra2 {[%clk 0:55:29]} Nxe2
{[%clk 1:12:17]} 26. Rfa1 {[%clk 0:55:47]} Nd4 {[%clk 1:12:42]} 27. Rxa7
{[%clk 0:56:06]} Nxb3 {[%clk 1:12:50]} 28. Nxb3 {[%clk 0:54:36]} Rxb3
{[%clk 1:13:16]} 29. Rxb7+ {[%clk 0:54:56]} Rxb7 {[%clk 1:13:39]} 30. Kf3
{[%clk 0:55:17]} Rb3 {[%clk 1:14:04]} 31. Ke2 {[%clk 0:54:52]} Ke6
{[%clk 1:13:30]} 32. h4 {[%clk 0:52:23]} Rb7 {[%clk 1:06:01]} 33. h5
{[%clk 0:49:51]} Kf5 {[%clk 0:59:11]} 34. Rh1 {[%clk 0:48:53]} g5
{[%clk 0:59:31]} 35. f3 {[%clk 0:49:08]} Rb2+ {[%clk 0:58:49]} 36. Ke3
{[%clk 0:49:30]} e6 {[%clk 0:58:59]} 37. Rf1 {[%clk 0:48:07]} d5 {[%clk 0:58:42]}
38. cxd5 {[%clk 0:46:39]} exd5 {[%clk 0:59:06]} 39. g4+ {[%clk 0:44:49]} Ke5
{[%clk 0:59:30]} 40. f4+ {[%clk 0:45:14]} gxf4+ {[%clk 0:59:55]} 41. Kf3
{[%clk 0:45:39]} Rd2 {[%clk 0:59:56]} 42. Re1+ {[%clk 0:46:02]} Kf6
{[%clk 0:59:36]} 43. Kxf4 {[%clk 0:45:21]} Rxd3 {[%clk 1:00:00]} 0-1

[Event "AsianNationCup2018"]
[Site "Hamedan"]
[Date "2018.08.03"]
[Round "7.5"]
[White "Jumabayev, Rinat"]
[Black "Lu, Shanglei"]
[Result "0-1"]
[BlackElo "2629"]
[WhiteElo "2594"]
[LiveChessVersion "1.4.8"]

1. Nf3 {[%clk 1:30:59]} Nf6 {[%clk 1:30:55]} 2. e3 {[%clk 1:31:26]} d5
{[%clk 1:30:14]} 3. c4 {[%clk 1:31:51]} e6 {[%clk 1:30:31]} 4. Nc3
{[%clk 1:32:18]} c5 {[%clk 1:30:42]} 5. d4 {[%clk 1:32:44]} Nc6 {[%clk 1:31:02]}
6. cxd5 {[%clk 1:31:21]} Nxd5 {[%clk 1:30:27]} 7. Bd3 {[%clk 1:27:53]} Be7
{[%clk 1:30:51]} 8. O-O {[%clk 1:28:15]} O-O {[%clk 1:31:18]} 9. Re1
{[%clk 1:21:26]} b6 {[%clk 1:29:10]} 10. a3 {[%clk 1:09:22]} Nxc3
{[%clk 1:22:08]} 11. bxc3 {[%clk 1:09:44]} Bb7 {[%clk 1:22:33]} 12. Qc2
{[%clk 1:06:17]} g6 {[%clk 1:18:24]} 13. Bb2 {[%clk 1:02:18]} Rc8
{[%clk 1:16:26]} 14. Qe2 {[%clk 1:01:37]} Bf6 {[%clk 1:15:32]} 15. Rad1
{[%clk 1:01:11]} Qe7 {[%clk 1:14:33]} 16. e4 {[%clk 0:56:47]} Rfd8
{[%clk 1:13:22]} 17. Bb5 {[%clk 0:55:20]} Bg7 {[%clk 1:10:45]} 18. h4
{[%clk 0:45:24]} h6 {[%clk 1:11:09]} 19. h5 {[%clk 0:35:46]} g5 {[%clk 1:11:12]}
20. e5 {[%clk 0:36:00]} Qc7 {[%clk 0:35:37]} 21. Nh2 {[%clk 0:35:59]} Ne7
{[%clk 0:35:17]} 22. f4 {[%clk 0:27:57]} gxf4 {[%clk 0:34:50]} 23. Bd3
{[%clk 0:24:15]} Kh8 {[%clk 0:27:31]} 24. Rf1 {[%clk 0:20:16]} Nd5
{[%clk 0:20:35]} 25. Ng4 {[%clk 0:19:39]} cxd4 {[%clk 0:19:58]} 26. cxd4
{[%clk 0:18:55]} Rg8 {[%clk 0:09:18]} 27. Rc1 {[%clk 0:12:17]} Qb8
{[%clk 0:09:47]} 28. Bb1 {[%clk 0:04:32]} Rxc1 {[%clk 0:09:29]} 29. Rxc1
{[%clk 0:04:59]} Bf8 {[%clk 0:09:21]} 30. Be4 {[%clk 0:03:40]} Qd8
{[%clk 0:06:15]} 31. Bf3 {[%clk 0:02:56]} Qh4 {[%clk 0:06:34]} 32. Nf2
{[%clk 0:01:50]} Be7 {[%clk 0:03:59]} 33. Nd3 {[%clk 0:00:55]} Ba6
{[%clk 0:03:24]} 34. Qe4 {[%clk 0:01:00]} Qg3 {[%clk 0:03:06]} 35. Bc3
{[%clk 0:00:41]} Ne3 {[%clk 0:02:55]} 36. Nxf4 {[%clk 0:00:44]} Bg5
{[%clk 0:01:52]} 37. Bd2 {[%clk 0:00:34]} Bxf4 {[%clk 0:02:19]} 0-1

[Event "AsianNationCup2018"]
[Site "Hamedan"]
[Date "2018.08.03"]
[Round "7.7"]
[White "Kazhgaleyev, Murtas"]
[Black "Zhou, Jianchao"]
[Result "1/2-1/2"]
[BlackElo "2621"]
[WhiteElo "2575"]
[LiveChessVersion "1.4.8"]

1. d4 {[%clk 1:30:57]} Nf6 {[%clk 1:26:44]} 2. c4 {[%clk 1:30:54]} e6
{[%clk 1:27:08]} 3. Nc3 {[%clk 1:31:06]} d5 {[%clk 1:21:35]} 4. cxd5
{[%clk 1:31:15]} exd5 {[%clk 1:21:06]} 5. Bg5 {[%clk 1:31:29]} c6
{[%clk 1:21:32]} 6. e3 {[%clk 1:31:53]} Be7 {[%clk 1:21:52]} 7. Bd3
{[%clk 1:32:18]} Bg4 {[%clk 1:22:03]} 8. f3 {[%clk 1:25:47]} Bh5 {[%clk 1:22:30]}
9. Qd2 {[%clk 1:24:34]} Bg6 {[%clk 1:21:37]} 10. Bxg6 {[%clk 1:21:20]} hxg6
{[%clk 1:21:40]} 11. e4 {[%clk 1:20:39]} Na6 {[%clk 1:16:27]} 12. O-O-O
{[%clk 1:11:16]} Nc7 {[%clk 1:14:04]} 13. e5 {[%clk 1:07:42]} Nd7
{[%clk 1:13:50]} 14. Be3 {[%clk 1:04:26]} Nb6 {[%clk 1:12:23]} 15. Kb1
{[%clk 0:56:41]} Nc4 {[%clk 1:10:15]} 16. Qd3 {[%clk 0:55:20]} a5
{[%clk 0:55:20]} 1/2-1/2

[Event "AsianNationCup2018"]
[Site "Hamedan"]
[Date "2018.08.03"]
[Round "7.9"]
[White "Tahbaz, Arash"]
[Black "Sethuraman, S.P."]
[Result "0-1"]
[BlackElo "2657"]
[WhiteElo "2449"]
[LiveChessVersion "1.4.8"]

1. d4 {[%clk 1:28:33]} d6 {[%clk 1:28:50]} 2. e4 {[%clk 1:28:06]} g6
{[%clk 1:29:12]} 3. Nc3 {[%clk 1:28:18]} Bg7 {[%clk 1:29:37]} 4. Nf3
{[%clk 1:25:05]} a6 {[%clk 1:29:55]} 5. a4 {[%clk 1:25:31]} Nf6 {[%clk 1:28:35]}
6. h3 {[%clk 1:25:52]} O-O {[%clk 1:28:38]} 7. Be2 {[%clk 1:26:20]} b6
{[%clk 1:26:53]} 8. e5 {[%clk 1:23:42]} Ne8 {[%clk 1:23:34]} 9. O-O
{[%clk 1:23:31]} Nc6 {[%clk 1:23:18]} 10. Bf4 {[%clk 1:16:38]} Bb7
{[%clk 1:17:13]} 11. Bc4 {[%clk 1:12:04]} Nb4 {[%clk 1:09:40]} 12. Bb3
{[%clk 1:04:54]} d5 {[%clk 0:55:24]} 13. a5 {[%clk 1:05:18]} c5 {[%clk 0:55:25]}
14. axb6 {[%clk 1:03:14]} c4 {[%clk 0:55:22]} 15. Ba4 {[%clk 1:03:33]} Qxb6
{[%clk 0:54:12]} 16. Qd2 {[%clk 0:58:17]} Nc7 {[%clk 0:51:24]} 17. Bh6
{[%clk 0:57:38]} Rad8 {[%clk 0:46:16]} 18. Ne2 {[%clk 0:54:28]} Ne6
{[%clk 0:44:31]} 19. Bxg7 {[%clk 0:52:01]} Kxg7 {[%clk 0:44:50]} 20. Nh4
{[%clk 0:52:13]} Bc6 {[%clk 0:34:43]} 21. f4 {[%clk 0:46:36]} Bxa4
{[%clk 0:35:06]} 22. Rxa4 {[%clk 0:46:36]} Nc6 {[%clk 0:35:33]} 23. c3
{[%clk 0:45:14]} Nc7 {[%clk 0:33:59]} 24. Kh2 {[%clk 0:19:18]} f6
{[%clk 0:28:26]} 25. exf6+ {[%clk 0:18:12]} exf6 {[%clk 0:28:10]} 26. f5
{[%clk 0:18:30]} g5 {[%clk 0:23:40]} 27. Nf3 {[%clk 0:18:59]} Nb5
{[%clk 0:21:47]} 28. Nxg5 {[%clk 0:16:35]} fxg5 {[%clk 0:20:44]} 29. Qxg5+
{[%clk 0:16:58]} Kh8 {[%clk 0:20:48]} 30. Nf4 {[%clk 0:17:27]} Rf7
{[%clk 0:08:09]} 31. f6 {[%clk 0:00:37]} Nd6 {[%clk 0:06:53]} 32. Ne6
{[%clk 0:00:38]} Rg8 {[%clk 0:02:17]} 33. Qxd5 {[%clk 0:01:07]} Qb8
{[%clk 0:01:11]} 34. Kh1 {[%clk 0:01:36]} Ne7 {[%clk 0:01:08]} 35. Qh5
{[%clk 0:01:34]} Nef5 {[%clk 0:00:53]} 36. Rxf5 {[%clk 0:01:36]} Nxf5
{[%clk 0:01:19]} 37. Qxf5 {[%clk 0:01:37]} Qxb2 {[%clk 0:00:55]} 38. Qf3
{[%clk 0:01:09]} Qb1+ {[%clk 0:01:05]} 39. Kh2 {[%clk 0:01:38]} Qb8+
{[%clk 0:01:12]} 40. Kh1 {[%clk 0:01:26]} Qd6 {[%clk 0:00:53]} 41. d5
{[%clk 0:21:03]} Qe5 {[%clk 0:30:12]} 42. Rxc4 {[%clk 0:19:15]} Rxf6
{[%clk 0:30:38]} 43. Re4 {[%clk 0:12:45]} Rxf3 {[%clk 0:30:36]} 44. Rxe5
{[%clk 0:13:13]} Rf1+ {[%clk 0:28:51]} 45. Kh2 {[%clk 0:13:31]} Rf2
{[%clk 0:29:17]} 46. Ng5 {[%clk 0:10:50]} h6 {[%clk 0:28:41]} 47. Kg1
{[%clk 0:11:02]} Rc2 {[%clk 0:26:23]} 48. Nf7+ {[%clk 0:09:54]} Kh7
{[%clk 0:26:42]} 49. g4 {[%clk 0:10:04]} Rb8 {[%clk 0:24:39]} 50. Re1
{[%clk 0:10:22]} a5 {[%clk 0:20:15]} 51. d6 {[%clk 0:07:36]} Rd2 {[%clk 0:09:13]}
52. Ra1 {[%clk 0:06:08]} Rb5 {[%clk 0:06:49]} 53. Kf1 a4 54. c4 {[%clk 0:05:43]}
Rbb2 {[%clk 0:06:56]} 55. Ne5 {[%clk 0:03:32]} a3 {[%clk 0:07:04]} 0-1